Personnalités politiques françaises n°6 - Statistiques

Statistiques générales
  • Ce quiz a été pris 2 554 fois
  • Le résultat moyen est 9 sur 20
Statistiques - réponses
Par images Réponse % Correct
Gérald Darmanin
93%
Jordan Bardella
93%
Jean-Michel Blanquer
76%
Fabien Roussel
74%
Olivier Véran
72%
Manon Aubry
69%
Olivier Faure
58%
Christine Boutin
44%
Sibeth Ndiaye
39%
Jean-Louis Borloo
38%
Franck Riester
36%
Julien Bayou
33%
Nathalie Loiseau
33%
Christian Jacob
32%
Jean-Pierre Chevènement
28%
Éric Piolle
25%
Bernard Kouchner
22%
Jacqueline Gourault
16%
Brune Poirson
12%
Hervé Mariton
6%
Aucun quiz correspondant
Distribution des résultats
% des personnes avec chaque résultat
Percentile par nombre de réponses
Votre historique - résultats
Vous n’avez pas pris ce quiz